000 00278nam a2200121Ia 4500
005 20251222141845.0
008 251222s9999||||xx |||||||||||||| ||spa||
082 _a372.875/S26
100 _aSarmiento P, Alfredo
245 0 _aCancionero Escolar
264 _bAmbers
942 _cLIB
999 _c7553
_d7553